Skier with the most worldcup wins - Statistics

General Stats
  • This quiz has been taken 27 times
  • The average score is 7 of 15
Answer Stats
Wins Country Answer % Correct
93 Usa Mikaela Shiffrin
100%
82 Usa Lindsey Vonn
91%
86 Sweden Ingemar Stenmark
77%
67 Austria Marcel Hirscher
73%
50 Italy Alberto Tomba
59%
54 Austria Hermann Maier
50%
46 Luxemburg/Austria Marc Girardelli
50%
62 Austria Annemarie Moser-Pröll
41%
39 Switzerland Lara Gut-Behrami
41%
55 Switzerland Vreni Schneider
32%
42 Sweden Anja Pärson
23%
46 Austria Renate Götschl
14%
36 Germany Katja Seizinger
9%
37 Austria Marlies Schild
9%
40 Switzerland Pirmin Zurbriggen
9%
No matching quizzes found
Score Distribution
Percent of People with Each Score
Percentile by Number Answered
Your Score History
You have not taken this quiz